Score 0/20 Timer 10:00
0 Plays Today
% Correct
Igneel (Fairy Tail)
90.5%
Kite (Hunter x Hunter)
89%
Noriaki Kakyoin (JoJo no Kimyō na Bōken)
85.6%
L (Death Note)
78.3%
Maes Hughes (Fullmetal Alchemist: Brotherhood)
72.7%
Euphemia vi Brittania (Code Geass)
68%
Kamina (Tengen Toppa Gurren Lagann)
67.8%
Spike Spiegel (Cowboy Bebop)
63.2%
Lubbock (Akame ga Kill!)
49.8%
Koro-sensei (Ansatsu Kyōshitsu)
44.6%
% Correct
Mine (Akame ga Kill!)
40.5%
Yūki Konno (Sword Art Online II)
32.9%
Shizu (Tensei shitara Slime Datta Ken)
32.9%
Shūsei Kagari (Psycho-Pass)
32.9%
Selesia Upitiria (Re:Creators)
20.7%
Berserker of Black (Fate|Apocrypha)
18.8%
Nagi Kengamine (Deadman Wonderland)
13.9%
Great Gozu (Danganronpa 3)
13.7%
Yomotsu Hirasaka (Mirai Nikki)
12.9%
Niwatori (Jūni Taisen)
9.3%
Remove Ads.
Support Sporcle.
Get the best of Sporcle when you Go Orange. This ad-free experience offers more features, more stats, and more fun while also helping to support Sporcle. Thank you for becoming a member.

You're not logged in!

Compare scores with friends on all Sporcle quizzes.
OR
Log In

Show Comments

Extras

Top Quizzes Today


Score Distribution

Your Account Isn't Verified!

In order to create a playlist on Sporcle, you need to verify the email address you used during registration. Go to your Sporcle Settings to finish the process.

Report this User

Report this user for behavior that violates our Community Guidelines.

Details: